000 00259nam a2200109Ia 4500
008 190914s9999||||xx |||||||||||||| ||und||
100 _aLeaon G. Schiffman
245 0 _aConsumer Behavior
260 _aNew York
_bViva Books
_c2002
300 _a568
942 _cBK
999 _c8866
_d8866